| 000 | 00564nam a22002057i 4500 | ||
|---|---|---|---|
| 001 | 4006 | ||
| 003 | OSt | ||
| 005 | 20170126082326.0 | ||
| 007 | tu | ||
| 008 | 161220s1998 xxu||||| |||| 00| 0 d | ||
| 024 | 7 |
_a4005 _2RID |
|
| 040 | _cOSt | ||
| 084 |
_a21.02 _a21.05 _2z |
||
| 100 | 1 | _aBöckem, Alexandra | |
| 245 | 0 | 0 | _aDie Bedeutung der EU-Institutionen in der Klimapolitik - eine Public Choice-Analyse |
| 260 |
_aHamburg : _bHWWA-Institut für Wirtschaftsforschung,Hamburg, _c1998. |
||
| 300 |
_a68 S. ; _c30cm. |
||
| 490 |
_aHWWA-Diskussionspapier _v66 |
||
| 651 | _aEU | ||
| 942 | _cB | ||
| 999 |
_c3938 _d3938 |
||